Statistiche per Le 7 meraviglie del mondo moderno

Clicka qui per fare il quiz!

Statistiche generali

  • Questo quiz è stato fatto 1.962 volte
  • Il punteggio medio è 6 su 8

Statistiche sulle risposte

NazioneMeraviglie del mondo moderno% Corretto
ItaliaColosseo
98%
CinaGrande muraglia cinese
92%
BrasileCristo Redentore
80%
Egitto (onoraria)Piramide di Giza
79%
PeruMachu Picchu
77%
IndiaTaj Mahal
77%
GiordaniaPetra
68%
MessicoChichen Itza
32%

Distribuzione punteggi

Percentile per numero di risposta

Percentuale di utenti per punteggio

I tuoi punteggi nel tempo

Non hai fatto questo quiz